LEADER 00473nab a2200133 i 4500 001 000000328462 003 CaOOAMICUS 005 20180831173601.0 008 180831n it uu u0 0ita r 013 $a40078 040 $aSeMil$bita 245 10$aČ nato per noi ; Un grande richiamo. - In [rubrica] :$bPreghiera. 773 0 $t[DICEMBRE 1995]. - 32 p.$gp.[15]-[18]$w()290971 996 $6245$aČ nato per noi ; Un grande richiamo. - In [rubrica] :$bPreghiera.$9(OLS)http://semarc/title/417026 LEADER 00917nam a2200229 i 4500 001 000000065603 003 CaOOAMICUS 005 20130418000000.0 008 130418s1955 it u000 u ita u 013 $a36775 040 $aSeMil$bita 100 1 $aVecchi, Alberto.$0(OLS)http://semarc/name/32972 245 12$aL'opera religiosa del Muratori /$cAlberto Vecchi. 260 $aModena :$bEdizioni Paoline,$cstampa 1955. 300 $a160 p. ;$c25 cm. 500 $aIn testa al front : Accademia di Scienze e Arti di Modena. 600 14$aMuratori, Ludovico Antonio <1672-1750>.$0(OLS)http://semarc/subject/6079 850 $aSeMil 852 $aSeMil$W1$xVenegono$y1$m2M IV 97$j31756$B31756$CSeMilBibl$Z2$F31759 $81 961 $aOmaggio: Aceti don Guido 996 $6245$aL'opera religiosa del Muratori$9(OLS)http://semarc/title/104142 996 $6260$aModena :$bEdizioni Paoline$9(OLS)http://semarc/publisher/40063